[Event "HUN-chT2 Erkel 0405"]
[Site "Hungary"]
[Date "2005.03.06"]
[Round "9"]
[White "Barta, Zoltan"]
[Black "Szollosy, Gyorgy"]
[Result "1/2-1/2"]
[WhiteElo "2097"]
[BlackElo "1965"]
[PlyCount "75"]
[EventDate "2004.09.26"]
[EventType "team"]
[EventRounds "11"]
[EventCountry "HUN"]
[SourceTitle "EXT 2009"]
[Source "ChessBase"]
[SourceDate "2008.11.26"]
[SourceVersion "1"]
[SourceVersionDate "2008.11.26"]
[SourceQuality "1"]
[WhiteTeam "Fuzesabony"]
[BlackTeam "Karpati"]
[WhiteTeamCountry "HUN"]
[BlackTeamCountry "HUN"]

1. e4 e5 2. Nf3 Nc6 3. Bb5 a6 4. Ba4 Nf6 5. 0-0 Be7 6. Re1 b5 7. Bb3 0-0 8. c3 d6 9. h3 Nb8 10. d4 Nbd7 11. Nbd2 Bb7 12. Bc2 Re8 13. Nf1 Bf8 14. Ng3 h6 15. d5 g6 16. Be3 c6 17. dxc6 Bxc6 18. Qd2 Kh7 19. Rad1 Qc7 20. Nh4 Nc5 21. f3 Rad8 22. Qf2 Qb7 23. Rd2 Ne6 24. Bb6 Rb8 25. Ba5 d5 26. Bb4 Bxb4 27. cxb4 d4 28. Bb3 Qe7 29. a3 Rec8 30. Rc1 Bb7 31. Rdc2 Rxc2 32. Rxc2 Rc8 33. Rxc8 Bxc8 34. Nf1 Qc7 35. Qd2 Nf4 36. Kh2 Be6 37. Bxe6 Nxe6 38. g3 1/2-1/2

[Event "HUN-chT2 Erkel 0405"]
[Site "Hungary"]
[Date "2004.12.19"]
[Round "6"]
[White "Szollosy, Gyorgy"]
[Black "Szell, Lajos"]
[Result "0-1"]
[WhiteElo "1965"]
[BlackElo "2203"]
[PlyCount "122"]
[EventDate "2004.09.26"]
[EventType "team"]
[EventRounds "11"]
[EventCountry "HUN"]
[SourceTitle "EXT 2009"]
[Source "ChessBase"]
[SourceDate "2008.11.26"]
[SourceVersion "1"]
[SourceVersionDate "2008.11.26"]
[SourceQuality "1"]
[WhiteTeam "Karpati"]
[BlackTeam "Statisztika II"]
[WhiteTeamCountry "HUN"]
[BlackTeamCountry "HUN"]

1. e4 e5 2. Nf3 Nc6 3. Bb5 f5 4. Bxc6 dxc6 5. Nxe5 Qd4 6. Qh5+ g6 7. Nxg6 hxg6 8. Qxg6+ Kd8 9. d3 fxe4 10. Nc3 exd3 11. Bg5+ Be7 12. 0-0-0 Bxg5+ 13. Qxg5+ Qf6 14. Rxd3+ Bd7 15. Qg4 Qf7 16. Rhd1 Nf6 17. Qf5 Ke8 18. Rxd7 Nxd7 19. Qxf7+ Kxf7 20. Rxd7+ Ke6 21. Rxc7 Rxh2 22. Rg7 b5 23. Kd2 a5 24. Ke3 Rh1 25. Rg6+ Kd7 26. f4 Re8+ 27. Kd3 Rf1 28. g3 Re6 29. Rg7+ Re7 30. Rg5 b4 31. Na4 Kd6 32. Nb6 Rd1+ 33. Kc4 Kc7 34. Na4 Rd2 35. Kb3 Re3+ 36. c3 bxc3 37. bxc3 Rg2 38. Rxa5 Rf3 39. Nc5 Kd6 40. a4 Rgxg3 41. Ne4+ Ke7 42. Re5+ Kd8 43. Ng5 Rf1 44. a5 Kd7 45. Ne6 Kd6 46. Re2 Rg6 47. Nf8 Rf6 48. Rd2+ Kc7 49. Nd7 R6xf4 50. Nc5 Rb1+ 51. Kc2 Re1 52. Rd7+ Kc8 53. a6 Rf2+ 54. Kb3 Ra1 55. Rh7 Kb8 56. Na4 Rb1+ 57. Ka3 Rb5 58. Rh6 Rf1 59. Ka2 Rf4 60. Ka3 Ra5 61. a7+ Kxa7 0-1

[Event "HUN-chT2 Erkel 0405"]
[Site "Hungary"]
[Date "2004.11.21"]
[Round "3"]
[White "Kovacs, Gyorgy"]
[Black "Szollosy, Gyorgy"]
[Result "1-0"]
[WhiteElo "2132"]
[BlackElo "1965"]
[PlyCount "45"]
[EventDate "2004.09.26"]
[EventType "team"]
[EventRounds "11"]
[EventCountry "HUN"]
[SourceTitle "EXT 2009"]
[Source "ChessBase"]
[SourceDate "2008.11.26"]
[SourceVersion "1"]
[SourceVersionDate "2008.11.26"]
[SourceQuality "1"]
[WhiteTeam "Godollo"]
[BlackTeam "Karpati"]
[WhiteTeamCountry "HUN"]
[BlackTeamCountry "HUN"]

1. d4 Nf6 2. Nf3 e6 3. c4 d5 4. cxd5 exd5 5. Bg5 Be7 6. e3 Ne4 7. Bxe7 Qxe7 8. Nc3 c6 9. Bd3 f5 10. Ne5 0-0 11. 0-0 Nd7 12. f4 Ndf6 13. Rc1 Be6 14. a3 Rfc8 15. Na4 c5 16. Bxe4 Nxe4 17. Nxc5 Nxc5 18. dxc5 Rxc5 19. Rxc5 Qxc5 20. Qd4 Rc8 21. Qxc5 Rxc5 22. Nf3 Rc2 23. Nd4 1-0

[Event "HUN-chT2 Breyer 0304"]
[Site "Hungary"]
[Date "2004.02.22"]
[Round "8"]
[White "Szollosy, Gyorgy"]
[Black "Balazs, Andras"]
[Result "1-0"]
[WhiteElo "1901"]
[BlackElo "2085"]
[PlyCount "116"]
[EventDate "2003.09.28"]
[EventType "team"]
[EventRounds "11"]
[EventCountry "HUN"]
[SourceTitle "EXT 2009"]
[Source "ChessBase"]
[SourceDate "2008.11.26"]
[SourceVersion "1"]
[SourceVersionDate "2008.11.26"]
[SourceQuality "1"]
[WhiteTeam "Karpati"]
[BlackTeam "Zoltek"]
[WhiteTeamCountry "HUN"]
[BlackTeamCountry "HUN"]

1. e4 c5 2. Nf3 d6 3. d4 cxd4 4. Nxd4 Nf6 5. Nc3 a6 6. Bg5 e6 7. f4 Be7 8. Qf3 Nbd7 9. 0-0-0 Qc7 10. g4 Rb8 11. f5 Ne5 12. Qg3 Nfxg4 13. Bxe7 Qxe7 14. Be2 Qg5+ 15. Kb1 Qe3 16. Rhg1 Qxg3 17. Rxg3 Nf6 18. Rxg7 b5 19. a3 b4 20. axb4 Rxb4 21. fxe6 fxe6 22. Ra7 Rxd4 23. Rxd4 Nc6 24. Ra8 Kd7 25. Ra4 Rg8 26. Bxa6 Rg1+ 27. Ka2 Bxa6 28. R8xa6 d5 29. exd5 exd5 30. Rxc6 Kxc6 31. Ra6+ Kc5 32. Rxf6 Rg2 33. Rf5 Rxh2 34. Nxd5 Kd4 35. Nb4 h5 36. Kb3 h4 37. Rh5 h3 38. Nd3 Ke3 39. Kc3 Rh1 40. b4 Kf3 41. b5 h2 42. Kd4 Rb1 43. Rxh2 Rxb5 44. Rf2+ Kg3 45. Rf8 Ra5 46. c4 Ra4 47. Kd5 Ra3 48. Ne5 Ra1 49. c5 Rd1+ 50. Ke6 Kh4 51. Rg8 Kh5 52. c6 Rc1 53. Kd7 Rc5 54. Nf7 Rd5+ 55. Nd6 Kh6 56. c7 Kh7 57. c8Q Rd2 58. Rg1 Rxd6+ 1-0

[Event "HUN-chT2 Breyer 0304"]
[Site "Hungary"]
[Date "2003.11.16"]
[Round "3"]
[White "Szollosy, Gyorgy"]
[Black "Papp, Jozsef"]
[Result "1-0"]
[WhiteElo "1901"]
[BlackElo "2041"]
[PlyCount "29"]
[EventDate "2003.09.28"]
[EventType "team"]
[EventRounds "11"]
[EventCountry "HUN"]
[SourceTitle "EXT 2009"]
[Source "ChessBase"]
[SourceDate "2008.11.26"]
[SourceVersion "1"]
[SourceVersionDate "2008.11.26"]
[SourceQuality "1"]
[WhiteTeam "Karpati"]
[BlackTeam "Turul"]
[WhiteTeamCountry "HUN"]
[BlackTeamCountry "HUN"]

1. e4 c5 2. Nf3 Nc6 3. d4 cxd4 4. Nxd4 a6 5. c4 Qc7 6. a3 e6 7. Nc3 Nf6 8. Be3 d6 9. Be2 Be7 10. 0-0 0-0 11. f4 Bd7 12. Nb3 Na5 13. Nxa5 Qxa5 14. Qb3 Bc6 15. Bb6 1-0

[Event "HUN-chT2 Erkel 0203"]
[Site "Hungary"]
[Date "2003.04.13"]
[Round "11"]
[White "Szollosy, Gyorgy"]
[Black "Klein, Peter"]
[Result "0-1"]
[WhiteElo "2033"]
[BlackElo "2056"]
[PlyCount "38"]
[EventDate "2002.09.22"]
[EventType "team"]
[EventRounds "11"]
[EventCountry "HUN"]
[SourceTitle "EXT 2009"]
[Source "ChessBase"]
[SourceDate "2008.11.26"]
[SourceVersion "1"]
[SourceVersionDate "2008.11.26"]
[SourceQuality "1"]

1. e4 d5 2. exd5 Nf6 3. d4 Nxd5 4. c4 Nf6 5. Nc3 e5 6. Be3 exd4 7. Qxd4 Qxd4 8. Bxd4 Nc6 9. Be3 Bb4 10. Bd2 Be6 11. b3 0-0-0 12. Nge2 Rhe8 13. a3 Bc5 14. b4 Bxb4 15. axb4 Nxb4 16. Rxa7 Kb8 17. Nb5 Nd3+ 18. Kd1 Bxc4 19. Nec3 Bb3# 0-1

[Event "HUN-chT2 Erkel 0203"]
[Site "Hungary"]
[Date "2003.02.16"]
[Round "7"]
[White "Nemeth, Jozsef"]
[Black "Szollosy, Gyorgy"]
[Result "1-0"]
[WhiteElo "2187"]
[BlackElo "2033"]
[PlyCount "93"]
[EventDate "2002.09.22"]
[EventType "team"]
[EventRounds "11"]
[EventCountry "HUN"]
[SourceTitle "EXT 2009"]
[Source "ChessBase"]
[SourceDate "2008.11.26"]
[SourceVersion "1"]
[SourceVersionDate "2008.11.26"]
[SourceQuality "1"]

1. e4 e5 2. Nf3 Nc6 3. Bb5 a6 4. Ba4 Nf6 5. 0-0 Be7 6. Re1 b5 7. Bb3 0-0 8. c3 d6 9. h3 Nb8 10. d4 Nbd7 11. Nbd2 Bb7 12. Bc2 Re8 13. Nf1 Bf8 14. Ng3 g6 15. Bg5 h6 16. Bd2 Bg7 17. Qc1 Kh7 18. Nh2 Ng8 19. d5 c6 20. dxc6 Bxc6 21. Be3 d5 22. Rd1 dxe4 23. Nxe4 Qc7 24. f3 f5 25. Nd2 Ngf6 26. Ndf1 e4 27. f4 Nd5 28. Bb3 Nxe3 29. Qxe3 Bf8 30. Qg3 Bc5+ 31. Ne3 Nf6 32. Qf2 Rad8 33. Nhf1 Rxd1 34. Rxd1 Rd8 35. Rxd8 Qxd8 36. Qe2 Nd5 37. Bxd5 Bxd5 38. Qd1 Qb6 39. Kf2 Bxa2 40. Qd7+ Kh8 41. g4 Be6 42. Qe8+ Kg7 43. b4 Bf8 44. gxf5 Bxf5 45. Ng3 Qe6 46. Ngxf5+ Qxf5 47. Nxf5+ 1-0

[Event "HUN-chT2"]
[Site "Hungary"]
[Date "1996.??.??"]
[Round "?"]
[White "Timar, Zsolt"]
[Black "Szollosy, Gyorgy"]
[Result "1-0"]
[WhiteElo "2210"]
[BlackElo "1970"]
[PlyCount "41"]
[EventDate "1996.??.??"]
[EventType "team"]
[EventRounds "13"]
[EventCountry "HUN"]
[SourceTitle "EXT 2006"]
[Source "ChessBase"]
[SourceDate "2005.11.24"]
[SourceVersion "1"]
[SourceVersionDate "2005.11.24"]
[SourceQuality "1"]

1. d4 Nf6 2. c4 e6 3. Nf3 d5 4. Nc3 Nbd7 5. Bg5 Be7 6. e3 0-0 7. Rc1 c6 8. Bd3 dxc4 9. Bxc4 Nd5 10. Bxe7 Qxe7 11. 0-0 a6 12. Bb3 b5 13. Ne4 Bb7 14. Nc5 Nxc5 15. Rxc5 f6 16. Qd2 g5 17. Rfc1 Rac8 18. Ne1 e5 19. e4 exd4 20. exd5 cxd5 21. Rxc8 1-0